Dios habla a sus hijos: textos bíblicos
Guardat en:
| Autor corporatiu: | |
|---|---|
| Format: | Llibre |
| Idioma: | espanyol |
| Publicat: |
Pamplona
Verbo Divino
1992
|
| Edició: | 5a. ed |
| Matèries: | |
| Etiquetes: |
Afegir etiqueta
Sense etiquetes, Sigues el primer a etiquetar aquest registre!
|
MARC
| LEADER | 00000nam a2200000 a 4500 | ||
|---|---|---|---|
| 001 | UCG4171 | ||
| 003 | CL-VaPUC | ||
| 008 | 101018e19920000SP |||||||||||||||||spa|d | ||
| 020 | |a 8471516039 | ||
| 082 | 0 | 4 | |a 220 |b AYU |2 21 |
| 110 | 2 | |a Ayuda a la Iglesia Necesitada |e author |9 553493 | |
| 245 | 1 | 0 | |a Dios habla a sus hijos: textos bíblicos |
| 250 | |a 5a. ed | ||
| 300 | |a 96 p | ||
| 942 | |c BK | ||
| 945 | |d 20101018 00:00:00 |a mfarfan | ||
| 260 | |a Pamplona |b Verbo Divino |c 1992 | ||
| 650 | 0 | |a Cristianismo |9 257361 | |
| 650 | 0 | |a Antiguo testamento |9 313678 | |
| 650 | 0 | |a Nuevo testamento |9 257604 | |
| 650 | 7 | |a PERSONAJES BIBLICOS |2 CL-VaPUC |9 478621 | |
| 650 | 0 | |a Literatura infantil |9 307465 | |
| 650 | 0 | |a Vida cristiana |9 258753 | |
| 583 | |a last modification |c 20130402 10:16:58 |k Rodrigo Vera | ||
| 999 | |c 343010 |d 343008 | ||